000 00621na a2200229 4500
001 16917
003 MIRAKIL
005 20181213154854.0
008 161017b tu 000 0
020 _a9756194286
040 _aMilas
_btur
_cTR-AnCHP
041 _atur
082 _a346.077
_bA74h 2005
090 _a346.077 A74h 2005
100 _aAslan, Kudret
245 _aHacizde istihkak davası
_cKudret Aslan
260 _aAnkara
_bTurhan
_c2005
300 _axlvii, 677 s.
_c24 sm.
650 _aBorçlar hukuku
_xİstihkak davası
_zTürkiye
650 _aBorçlar hukuku
_xHaciz
_zTürkiye
942 _2ddc
_cBKS
999 _c2344
_d2344